Vowel Beginning Blitz Quiz Stats

Quiz Updated Nov 30, 2016

Challenge
Share
Tweet
Embed
Score 0/28 Timer 04:00
0 Plays Today
Category Answer % Correct
3-Letter Body PartArm
98.8%
US StateAlabama
95.5%
MonthApril
95%
European CountryAndorra
93.9%
Greek LetterAlpha
92.7%
PlanetEarth
92.6%
ElementOxygen
91.9%
US President SurnameAdams
88.1%
African CountryAlgeria
87.8%
South American CountryArgentina
86.9%
Asian CountryAfghanistan
84.9%
BirthstoneAmethyst
83.4%
North American CountryAntigua and Barbuda
79.1%
ConstellationAndromeda
75.3%
Category Answer % Correct
Deadly SinEnvy
75.2%
European CapitalAmsterdam
73.9%
James Cameron MovieAvatar
73.8%
Greek Olympian GodAphrodite
73.7%
US State CapitalAlbany
73.4%
MLB TeamAngels
72.4%
Old Testament bookExodus
67%
Harry Potter and the...Order of the Phoenix
53.2%
James Bond FilmOctopussy
52.5%
John Steinbeck NovelEast of Eden
52%
Type of Light*Infra-red
48.8%
NHL TeamAvalanche
47.6%
Wonka KidAugustus
45.9%
Beatles AlbumAbbey Road
42.6%

You're not logged in!

Compare scores with friends on all Sporcle quizzes.
Join for Free
OR
Log In

You Might Also Like...

Show Comments

Extras

Top Quizzes Today


Score Distribution

Your Account Isn't Verified!

In order to create a playlist on Sporcle, you need to verify the email address you used during registration. Go to your Sporcle Settings to finish the process.

Report this User

Report this user for behavior that violates our Community Guidelines.

Details: